<?xml version="1.0" encoding="UTF-8"?>
<record
    xmlns:xsi="http://www.w3.org/2001/XMLSchema-instance"
    xsi:schemaLocation="http://www.loc.gov/MARC21/slim http://www.loc.gov/standards/marcxml/schema/MARC21slim.xsd"
    xmlns="http://www.loc.gov/MARC21/slim">

  <leader>00701nam a22002177a 4500</leader>
  <datafield tag="999" ind1=" " ind2=" ">
    <subfield code="c">159326</subfield>
    <subfield code="d">159326</subfield>
  </datafield>
  <controlfield tag="005">20181214121733.0</controlfield>
  <controlfield tag="006">a|||||f|||| 00| 0 </controlfield>
  <controlfield tag="007">tc</controlfield>
  <controlfield tag="008">180720b        xxu||||| |||| 00| 0 eng d</controlfield>
  <datafield tag="010" ind1=" " ind2=" ">
    <subfield code="a">B-089878-B-089895</subfield>
  </datafield>
  <datafield tag="020" ind1=" " ind2=" ">
    <subfield code="c">187.00(Per set)</subfield>
  </datafield>
  <datafield tag="035" ind1=" " ind2=" ">
    <subfield code="a">B-089878</subfield>
  </datafield>
  <datafield tag="037" ind1=" " ind2=" ">
    <subfield code="b">A.I.C.B.</subfield>
  </datafield>
  <datafield tag="082" ind1=" " ind2=" ">
    <subfield code="a">485</subfield>
  </datafield>
  <datafield tag="245" ind1=" " ind2=" ">
    <subfield code="a">Current English Grammer</subfield>
  </datafield>
  <datafield tag="260" ind1=" " ind2=" ">
    <subfield code="a">Delhi</subfield>
    <subfield code="b">A.C.I.B.</subfield>
    <subfield code="c">N.D.</subfield>
  </datafield>
  <datafield tag="270" ind1=" " ind2=" ">
    <subfield code="a">Sector-5, Rohini, </subfield>
    <subfield code="b">New Delhi</subfield>
    <subfield code="e">110085</subfield>
  </datafield>
  <datafield tag="300" ind1=" " ind2=" ">
    <subfield code="a">9V.,various pages.</subfield>
    <subfield code="c">30cm(HB).</subfield>
  </datafield>
  <datafield tag="942" ind1=" " ind2=" ">
    <subfield code="2">ddc</subfield>
    <subfield code="c">BRLEN</subfield>
    <subfield code="h">485</subfield>
    <subfield code="m">CUR</subfield>
  </datafield>
  <datafield tag="952" ind1=" " ind2=" ">
    <subfield code="0">0</subfield>
    <subfield code="1">0</subfield>
    <subfield code="3">V.- 1</subfield>
    <subfield code="4">0</subfield>
    <subfield code="7">0</subfield>
    <subfield code="8">NFIC</subfield>
    <subfield code="a">BRL</subfield>
    <subfield code="b">BRL</subfield>
    <subfield code="d">2005-07-05</subfield>
    <subfield code="e">2196/05-07-2005</subfield>
    <subfield code="g">187.00</subfield>
    <subfield code="l">0</subfield>
    <subfield code="o">485 CUR</subfield>
    <subfield code="p">B-089878</subfield>
    <subfield code="r">2018-12-14 00:00:00</subfield>
    <subfield code="t">1</subfield>
    <subfield code="w">2018-12-14</subfield>
    <subfield code="y">BRLEN</subfield>
  </datafield>
  <datafield tag="952" ind1=" " ind2=" ">
    <subfield code="0">0</subfield>
    <subfield code="1">0</subfield>
    <subfield code="3">V.- 2</subfield>
    <subfield code="4">0</subfield>
    <subfield code="7">0</subfield>
    <subfield code="8">NFIC</subfield>
    <subfield code="a">BRL</subfield>
    <subfield code="b">BRL</subfield>
    <subfield code="d">2005-07-05</subfield>
    <subfield code="e">2196/05-07-2005</subfield>
    <subfield code="g">187.00</subfield>
    <subfield code="l">0</subfield>
    <subfield code="o">485 CUR</subfield>
    <subfield code="p">B-089879</subfield>
    <subfield code="r">2018-12-14 00:00:00</subfield>
    <subfield code="t">1</subfield>
    <subfield code="y">BRLEN</subfield>
  </datafield>
  <datafield tag="952" ind1=" " ind2=" ">
    <subfield code="0">0</subfield>
    <subfield code="1">0</subfield>
    <subfield code="3">V.- 3</subfield>
    <subfield code="4">0</subfield>
    <subfield code="7">0</subfield>
    <subfield code="8">NFIC</subfield>
    <subfield code="a">BRL</subfield>
    <subfield code="b">BRL</subfield>
    <subfield code="d">2005-07-05</subfield>
    <subfield code="e">2196/05-07-2005</subfield>
    <subfield code="g">187.00</subfield>
    <subfield code="l">0</subfield>
    <subfield code="o">485 CUR</subfield>
    <subfield code="p">B-089880</subfield>
    <subfield code="r">2018-12-14 00:00:00</subfield>
    <subfield code="t">1</subfield>
    <subfield code="y">BRLEN</subfield>
  </datafield>
  <datafield tag="952" ind1=" " ind2=" ">
    <subfield code="0">0</subfield>
    <subfield code="1">0</subfield>
    <subfield code="3">V.- 4</subfield>
    <subfield code="4">0</subfield>
    <subfield code="7">0</subfield>
    <subfield code="8">NFIC</subfield>
    <subfield code="a">BRL</subfield>
    <subfield code="b">BRL</subfield>
    <subfield code="d">2005-07-05</subfield>
    <subfield code="e">2196/05-07-2005</subfield>
    <subfield code="g">187.00</subfield>
    <subfield code="l">0</subfield>
    <subfield code="o">485 CUR</subfield>
    <subfield code="p">B-089881</subfield>
    <subfield code="r">2018-12-14 00:00:00</subfield>
    <subfield code="t">1</subfield>
    <subfield code="y">BRLEN</subfield>
  </datafield>
  <datafield tag="952" ind1=" " ind2=" ">
    <subfield code="0">0</subfield>
    <subfield code="1">0</subfield>
    <subfield code="3">V.- 5</subfield>
    <subfield code="4">0</subfield>
    <subfield code="7">0</subfield>
    <subfield code="8">NFIC</subfield>
    <subfield code="a">BRL</subfield>
    <subfield code="b">BRL</subfield>
    <subfield code="d">2005-07-05</subfield>
    <subfield code="e">2196/05-07-2005</subfield>
    <subfield code="g">187.00</subfield>
    <subfield code="l">0</subfield>
    <subfield code="o">485 CUR</subfield>
    <subfield code="p">B-089882</subfield>
    <subfield code="r">2018-12-14 00:00:00</subfield>
    <subfield code="t">1</subfield>
    <subfield code="y">BRLEN</subfield>
  </datafield>
  <datafield tag="952" ind1=" " ind2=" ">
    <subfield code="0">0</subfield>
    <subfield code="1">0</subfield>
    <subfield code="3">V.- 6</subfield>
    <subfield code="4">0</subfield>
    <subfield code="7">0</subfield>
    <subfield code="8">NFIC</subfield>
    <subfield code="a">BRL</subfield>
    <subfield code="b">BRL</subfield>
    <subfield code="d">2005-07-05</subfield>
    <subfield code="e">2196/05-07-2005</subfield>
    <subfield code="g">187.00</subfield>
    <subfield code="l">0</subfield>
    <subfield code="o">485 CUR</subfield>
    <subfield code="p">B-089883</subfield>
    <subfield code="r">2018-12-14 00:00:00</subfield>
    <subfield code="t">1</subfield>
    <subfield code="y">BRLEN</subfield>
  </datafield>
  <datafield tag="952" ind1=" " ind2=" ">
    <subfield code="0">0</subfield>
    <subfield code="1">0</subfield>
    <subfield code="3">V.- 7</subfield>
    <subfield code="4">0</subfield>
    <subfield code="7">0</subfield>
    <subfield code="8">NFIC</subfield>
    <subfield code="a">BRL</subfield>
    <subfield code="b">BRL</subfield>
    <subfield code="d">2005-07-05</subfield>
    <subfield code="e">2196/05-07-2005</subfield>
    <subfield code="g">187.00</subfield>
    <subfield code="l">0</subfield>
    <subfield code="o">485 CUR</subfield>
    <subfield code="p">B-089884</subfield>
    <subfield code="r">2018-12-14 00:00:00</subfield>
    <subfield code="t">1</subfield>
    <subfield code="y">BRLEN</subfield>
  </datafield>
  <datafield tag="952" ind1=" " ind2=" ">
    <subfield code="0">0</subfield>
    <subfield code="1">0</subfield>
    <subfield code="3">V.- 8</subfield>
    <subfield code="4">0</subfield>
    <subfield code="7">0</subfield>
    <subfield code="8">NFIC</subfield>
    <subfield code="a">BRL</subfield>
    <subfield code="b">BRL</subfield>
    <subfield code="d">2005-07-05</subfield>
    <subfield code="e">2196/05-07-2005</subfield>
    <subfield code="g">187.00</subfield>
    <subfield code="l">0</subfield>
    <subfield code="o">485 CUR</subfield>
    <subfield code="p">B-089885</subfield>
    <subfield code="r">2018-12-14 00:00:00</subfield>
    <subfield code="t">1</subfield>
    <subfield code="y">BRLEN</subfield>
  </datafield>
  <datafield tag="952" ind1=" " ind2=" ">
    <subfield code="0">0</subfield>
    <subfield code="1">0</subfield>
    <subfield code="3">V.- 9</subfield>
    <subfield code="4">0</subfield>
    <subfield code="7">0</subfield>
    <subfield code="8">NFIC</subfield>
    <subfield code="a">BRL</subfield>
    <subfield code="b">BRL</subfield>
    <subfield code="d">2005-07-05</subfield>
    <subfield code="e">2196/05-07-2005</subfield>
    <subfield code="g">187.00</subfield>
    <subfield code="l">0</subfield>
    <subfield code="o">485 CUR</subfield>
    <subfield code="p">B-089886</subfield>
    <subfield code="r">2018-12-14 00:00:00</subfield>
    <subfield code="t">1</subfield>
    <subfield code="y">BRLEN</subfield>
  </datafield>
  <datafield tag="952" ind1=" " ind2=" ">
    <subfield code="0">0</subfield>
    <subfield code="1">0</subfield>
    <subfield code="3">V.- 1</subfield>
    <subfield code="4">0</subfield>
    <subfield code="7">0</subfield>
    <subfield code="8">NFIC</subfield>
    <subfield code="a">BRL</subfield>
    <subfield code="b">BRL</subfield>
    <subfield code="d">2005-07-05</subfield>
    <subfield code="e">2196/05-07-2005</subfield>
    <subfield code="g">187.00</subfield>
    <subfield code="l">0</subfield>
    <subfield code="o">485 CUR</subfield>
    <subfield code="p">B-089887</subfield>
    <subfield code="r">2018-12-14 00:00:00</subfield>
    <subfield code="t">1</subfield>
    <subfield code="w">2018-12-14</subfield>
    <subfield code="y">BRLEN</subfield>
  </datafield>
  <datafield tag="952" ind1=" " ind2=" ">
    <subfield code="0">0</subfield>
    <subfield code="1">0</subfield>
    <subfield code="3">V.- 2</subfield>
    <subfield code="4">0</subfield>
    <subfield code="7">0</subfield>
    <subfield code="8">NFIC</subfield>
    <subfield code="a">BRL</subfield>
    <subfield code="b">BRL</subfield>
    <subfield code="d">2005-07-05</subfield>
    <subfield code="e">2196/05-07-2005</subfield>
    <subfield code="g">187.00</subfield>
    <subfield code="l">0</subfield>
    <subfield code="o">485 CUR</subfield>
    <subfield code="p">B-089888</subfield>
    <subfield code="r">2018-12-14 00:00:00</subfield>
    <subfield code="t">1</subfield>
    <subfield code="y">BRLEN</subfield>
  </datafield>
  <datafield tag="952" ind1=" " ind2=" ">
    <subfield code="0">0</subfield>
    <subfield code="1">0</subfield>
    <subfield code="3">V.- 3</subfield>
    <subfield code="4">0</subfield>
    <subfield code="7">0</subfield>
    <subfield code="8">NFIC</subfield>
    <subfield code="a">BRL</subfield>
    <subfield code="b">BRL</subfield>
    <subfield code="d">2005-07-05</subfield>
    <subfield code="e">2196/05-07-2005</subfield>
    <subfield code="g">187.00</subfield>
    <subfield code="l">0</subfield>
    <subfield code="o">485 CUR</subfield>
    <subfield code="p">B-089889</subfield>
    <subfield code="r">2018-12-14 00:00:00</subfield>
    <subfield code="t">1</subfield>
    <subfield code="y">BRLEN</subfield>
  </datafield>
  <datafield tag="952" ind1=" " ind2=" ">
    <subfield code="0">0</subfield>
    <subfield code="1">0</subfield>
    <subfield code="3">V.- 4</subfield>
    <subfield code="4">0</subfield>
    <subfield code="7">0</subfield>
    <subfield code="8">NFIC</subfield>
    <subfield code="a">BRL</subfield>
    <subfield code="b">BRL</subfield>
    <subfield code="d">2005-07-05</subfield>
    <subfield code="e">2196/05-07-2005</subfield>
    <subfield code="g">187.00</subfield>
    <subfield code="l">0</subfield>
    <subfield code="o">485 CUR</subfield>
    <subfield code="p">B-089890</subfield>
    <subfield code="r">2018-12-14 00:00:00</subfield>
    <subfield code="t">1</subfield>
    <subfield code="y">BRLEN</subfield>
  </datafield>
  <datafield tag="952" ind1=" " ind2=" ">
    <subfield code="0">0</subfield>
    <subfield code="1">0</subfield>
    <subfield code="3">V.- 5</subfield>
    <subfield code="4">0</subfield>
    <subfield code="7">0</subfield>
    <subfield code="8">NFIC</subfield>
    <subfield code="a">BRL</subfield>
    <subfield code="b">BRL</subfield>
    <subfield code="d">2005-07-05</subfield>
    <subfield code="e">2196/05-07-2005</subfield>
    <subfield code="g">187.00</subfield>
    <subfield code="l">0</subfield>
    <subfield code="o">485 CUR</subfield>
    <subfield code="p">B-089891</subfield>
    <subfield code="r">2018-12-14 00:00:00</subfield>
    <subfield code="t">1</subfield>
    <subfield code="y">BRLEN</subfield>
  </datafield>
  <datafield tag="952" ind1=" " ind2=" ">
    <subfield code="0">0</subfield>
    <subfield code="1">0</subfield>
    <subfield code="3">V.- 6</subfield>
    <subfield code="4">0</subfield>
    <subfield code="7">0</subfield>
    <subfield code="8">NFIC</subfield>
    <subfield code="a">BRL</subfield>
    <subfield code="b">BRL</subfield>
    <subfield code="d">2005-07-05</subfield>
    <subfield code="e">2196/05-07-2005</subfield>
    <subfield code="g">187.00</subfield>
    <subfield code="l">0</subfield>
    <subfield code="o">485 CUR</subfield>
    <subfield code="p">B-089892</subfield>
    <subfield code="r">2018-12-14 00:00:00</subfield>
    <subfield code="t">1</subfield>
    <subfield code="y">BRLEN</subfield>
  </datafield>
  <datafield tag="952" ind1=" " ind2=" ">
    <subfield code="0">0</subfield>
    <subfield code="1">0</subfield>
    <subfield code="3">V.- 7</subfield>
    <subfield code="4">0</subfield>
    <subfield code="7">0</subfield>
    <subfield code="8">NFIC</subfield>
    <subfield code="a">BRL</subfield>
    <subfield code="b">BRL</subfield>
    <subfield code="d">2005-07-05</subfield>
    <subfield code="e">2196/05-07-2005</subfield>
    <subfield code="g">187.00</subfield>
    <subfield code="l">0</subfield>
    <subfield code="o">485 CUR</subfield>
    <subfield code="p">B-089893</subfield>
    <subfield code="r">2018-12-14 00:00:00</subfield>
    <subfield code="t">1</subfield>
    <subfield code="y">BRLEN</subfield>
  </datafield>
  <datafield tag="952" ind1=" " ind2=" ">
    <subfield code="0">0</subfield>
    <subfield code="1">0</subfield>
    <subfield code="3">V.- 8</subfield>
    <subfield code="4">0</subfield>
    <subfield code="7">0</subfield>
    <subfield code="8">NFIC</subfield>
    <subfield code="a">BRL</subfield>
    <subfield code="b">BRL</subfield>
    <subfield code="d">2005-07-05</subfield>
    <subfield code="e">2196/05-07-2005</subfield>
    <subfield code="g">187.00</subfield>
    <subfield code="l">0</subfield>
    <subfield code="o">485 CUR</subfield>
    <subfield code="p">B-089894</subfield>
    <subfield code="r">2018-12-14 00:00:00</subfield>
    <subfield code="t">1</subfield>
    <subfield code="y">BRLEN</subfield>
  </datafield>
  <datafield tag="952" ind1=" " ind2=" ">
    <subfield code="0">0</subfield>
    <subfield code="1">0</subfield>
    <subfield code="3">V.- 9</subfield>
    <subfield code="4">0</subfield>
    <subfield code="7">0</subfield>
    <subfield code="8">NFIC</subfield>
    <subfield code="a">BRL</subfield>
    <subfield code="b">BRL</subfield>
    <subfield code="d">2005-07-05</subfield>
    <subfield code="e">2196/05-07-2005</subfield>
    <subfield code="g">187.00</subfield>
    <subfield code="l">0</subfield>
    <subfield code="o">485 CUR</subfield>
    <subfield code="p">B-089895</subfield>
    <subfield code="r">2018-12-14 00:00:00</subfield>
    <subfield code="t">1</subfield>
    <subfield code="y">BRLEN</subfield>
  </datafield>
</record>
